000
00319nam a2200145Ia 4500
005
20250923112854.0
020
_a
9789386052308
050
_a
QA 76.73.P98 .R36/
100
_a
R. Nageswara Rao
245
0
_a
Core python programming
250
_a
2nd
260
_b
Dreamtech Press
260
_c
2022
942
_c
BK
_2
lcc
999
_c
39777
_d
39777